| 000 | 00512nam a22001937a 4500 | ||
|---|---|---|---|
| 003 | OSt | ||
| 005 | 20160707175836.0 | ||
| 008 | 160707b xxu||||| |||| 00| 0 eng d | ||
| 020 | _a0737304235 | ||
| 040 | _cDNLM. | ||
| 082 | _aQZ200C484 2001. | ||
| 100 |
_aCicala,S.Rodger; _910051 |
||
| 245 |
_aThe Cancer Pain: _bSourcebook. |
||
| 260 |
_aUSA. _bContemporary Books. _c2001. |
||
| 300 |
_axviii,301p; _bill: _c24cm. |
||
| 504 | _aincludes references and index. | ||
| 650 |
_aCancer. _91826 |
||
| 942 |
_2z _cO_SHELF |
||
| 999 |
_c4672 _d4672 |
||